000 00361nam a2200157Ia 4500
003 Ost
005 20260225132556.0
008 260225s9999||||xx |||||||||||||| ||und||
040 _cfsic
041 _afre
082 _a440
100 _aAglae Mitropoulos
_eAuteur
245 0 _aDécouverte du cinéma Grec /
245 0 _cAglae Mitropoulos
942 _cكتاب
999 _c34454
_d34454